Animal Crossing Fruit and Produce Quiz - Statistics

General Stats
  • This quiz has been taken 164 times
    65 since last reset
  • The average score is 16 of 30
Answer Stats
Answer % Correct
Apple
98%
Orange
96%
Coconut
93%
Pear
93%
Peach
91%
Cherry
89%
Banana
74%
Tomato
65%
Wheat
63%
Carrot
60%
Potato
60%
Sugarcane
56%
Perfect Apple
47%
Perfect Pear
47%
Perfect Cherry
46%
Perfect Orange
46%
Perfect Peach
46%
Lemon
42%
Green Pumpkin
40%
Orange Pumpkin
40%
Lychee
39%
Mango
39%
White Pumpkin
39%
Durian
37%
Grapes
35%
Yellow Pumpkin
32%
Perfect Lychee
21%
Persimmon
19%
Perfect Lemon
18%
Perfect Grape
11%
No matching quizzes found
Score Distribution
Percent of People with Each Score
Percentile by Number Answered
Your Score History
You have not taken this quiz since the last reset